00657nam a2200241 a 4500001001300000003000900013005001700022008004100039020001000080082001600090100001900106245002300125260003500148300000900183500003500192505001300227650002700240700001900267902000800286942000700294952009700301999001700398nice12345678IN_TiNIC20260116013511.0050524s1941 newa grp 000 0 eng  ac10000a231.76bPAS aPascal, Blaise aProvincial Letters aNew YorkbModern Libraryc1941 a620p aincludes index and biblioraphy2 aAppendix aPhilosophical-Theology1 aPascal, Blaise bSRS cBK 00104070aHMIbHMId2007-06-15g100.00l0o231.76 PASp16171r2007-06-15w2026-01-16yARB c11231d11231